DBZ : Dokkan Battle - Musiques de l'anime utilisées dans le jeu - Statistiques

Statistiques générales
  • Ce quiz a été pris 17 fois
    11 depuis la dernière actualisation
  • Le résultat moyen est 5 sur 24
Statistiques - réponses
Indice Réponse % Correct
7 ans CHA-LA HEAD-CHA-LA
71%
7 ans Blizzard
57%
7 ans DAN DAN KOKORO HIKARETEKU
57%
8 ans Dragon Soul
57%
8 ans We gotta power
43%
8 ans Chouzetsu Dynamic
29%
8 ans Genkai Toppa x Survivor
29%
Céleb. mondiale 2022 HERO (Kimi ga Hero)
29%
8 ans Kuu-Zen-Zetsu-Go
29%
Céleb. mondiale 2022 Tobikkiri no Saikyou tai Saikyou
29%
Céleb. mondiale 2023 Aoi kaze no hope
14%
Fin d'année 2022 Dragon Super : SUPER HERO
14%
Céleb. mondiale 2024 Kiseki no Big Fight
14%
8 ans Makafushigi Adventure
14%
Tanabata 2024 Ultimate Battle
14%
8 ans We were Angels
14%
Céleb. mondiale 2024 Akuma no Broly
0%
9 ans GO BROLY
0%
10 ans Jaka Jaan
0%
Fin d'année 2023 Ore ga yaranakya dare ga yaru
0%
8 ans Sabitsuita Machine Gun de ima wo Uchinuko
0%
10 ans Saikyo no Fusion
0%
Super Dragon Ball Heroes 2023 Super Dragon Ball Heroes : Big Bang Mission
0%
10 ans Unmei no Hi ~Tamashii VS Tamashii~
0%
Aucun quiz correspondant
Distribution des résultats
% des personnes avec chaque résultat
Percentile par nombre de réponses
Votre historique - résultats
Vous n’avez pas pris ce quiz depuis la dernière actualisation